Decentralization and participatory planning for rural development (Record no. 92735)

000 -LEADER
fixed length control field 01254pab a2200181 454500
008 - FIXED-LENGTH DATA ELEMENTS--GENERAL INFORMATION
fixed length control field 180718b2011 xxu||||| |||| 00| 0 eng d
100 ## - MAIN ENTRY--PERSONAL NAME
Personal name Azam, Mohd
245 ## - TITLE STATEMENT
Title Decentralization and participatory planning for rural development
260 ## - PUBLICATION, DISTRIBUTION, ETC.
Date of publication, distribution, etc. 2011
300 ## - PHYSICAL DESCRIPTION
Extent p.6-10.
362 ## - DATES OF PUBLICATION AND/OR SEQUENTIAL DESIGNATION
Dates of publication and/or sequential designation Aug
520 ## - SUMMARY, ETC.
Summary, etc. The 73rd Amendment to the Constitution hence has been welcomed as focusing the attention of the nation of the fiscal structures and processes of rural India. As per the 29 items of the Eleventh Schedule of the Constitution, three functions i.e. functions, functionaries and funds have to be devolved on the Panchayati Raj Institutions for planning and implementation of schemes pertaining to a particular sector. But Centrally Sponsored Schemes implemented by other Central Ministries, often ignore the involvement of PRIs. In case the role is identified, it is either non-existent or minimal. Although 73rd Amendment was not a component of structural reform but the attempt to decentralize allocative decisions with the change in the development strategy should be more open and market friendly economic regime. - Reproduced.
650 ## - SUBJECT ADDED ENTRY--TOPICAL TERM
Topical term or geographic name entry element Rural development
700 ## - ADDED ENTRY--PERSONAL NAME
Personal name Alam, Tosib
773 ## - HOST ITEM ENTRY
Main entry heading Kurukshetra
908 ## - PUT COMMAND PARAMETER (RLIN)
Put command parameter N
909 ## -
-- 92735
Holdings
Withdrawn status Lost status Damaged status Not for loan Permanent Location Current Location Date acquired Serial Enumeration / chronology Barcode Date last seen Price effective from Koha item type
        Indian Institute of Public Administration Indian Institute of Public Administration 2018-07-19 Volume no: 59, Issue no: 10 AR93195 2018-07-19 2018-07-19 Articles

Powered by Koha